Mara Carfagna, 2010-2011 un anno di governo

محفوظ في:
التفاصيل البيبلوغرافية
المؤلف الرئيسي: Carfagna, Mara
مؤلف مشترك: Presidenza del Consiglio dei Ministri, Dipartimento per le Pari Opportunità
التنسيق: كتاب
اللغة:الإنجليزية
منشور في: Roma Presidenza del Consiglio dei Ministri 2011
الوسوم: إضافة وسم
لا توجد وسوم, كن أول من يضع وسما على هذه التسجيلة!

MARC

LEADER 00000nam a2200000 4500
005 20240626184129.0
008 240626b |||||||| |||| 00| 0 eng d
040 |c GP 
100 |a Carfagna, Mara 
110 |a Presidenza del Consiglio dei Ministri, Dipartimento per le Pari Opportunità 
245 |a Mara Carfagna, 2010-2011 un anno di governo 
260 |a Roma  |b Presidenza del Consiglio dei Ministri  |c 2011 
942 |2 ddc  |c BK  |n 0 
952 |0 0  |1 0  |2 ddc  |4 0  |6 306_000000000000000_PRE  |7 1  |9 1510  |a RM  |b RM  |d 2024-06-26  |l 0  |o 306 PRE  |p 233  |r 2024-06-26 18:41:53  |w 2024-06-26  |y BK 
999 |c 1328  |d 1328